=LDR 00000nam 2200000 4500 =001 INLIS000000000044430 =005 20200910072333 =035 ##$$a 0010-101300000002352 =008 200910################g##########0#ind## =041 ##$$a Ind =082 ##$$a 2x5.2 =090 ##$$a 2x5.2 , Sul s =100 ##$$a Sulami, Abu Abdurrahman as- =245 1#$$a Sufi-sufi Wanita : $b Tradisi yang tercadari /$c Abu Abdurrahman as-Sulami =260 ##$$a Bandung :$b Pustaka Hidayah,$c 2004 =300 ##$$a 267 hlm. ; $c 22 x 15 cm. =850 ##$$a NBPNMAT =084 ##$$a 2x5.2 Sul s =650 #4$$a Tasawuf =990 ##$$a 319/Pb-04